Monitoring gastrointestinal mucosal perfusion by tissue capnometry in anaesthesiology and intensive therapy

Elmentve itt :
Bibliográfiai részletek
Szerző: Palágyi Péter
További közreműködők: Molnár Zsolt (Témavezető)
Kaszaki József (Témavezető)
Dokumentumtípus: Disszertáció
Megjelent: 2016-12-15
Tárgyszavak:
doi:10.14232/phd.3220

mtmt:3267044
Online Access:http://doktori.ek.szte.hu/3220
LEADER 01240nta a2200253 i 4500
001 dokt3220
005 20200519104442.0
008 161215s2016 hu om 0|| eng d
024 7 |a 10.14232/phd.3220  |2 doi 
024 7 |a 3267044  |2 mtmt 
040 |a SZTE Doktori Repozitórium  |b hun 
041 |a eng 
100 1 |a Palágyi Péter 
245 1 0 |a Monitoring gastrointestinal mucosal perfusion by tissue capnometry in anaesthesiology and intensive therapy  |h [elektronikus dokumentum] /  |c  Palágyi Péter 
246 1 0 |a Gasztrointesztinális mukózális perfúzió monitorizálás szöveti kapnometriával aneszteziológiában és intenzív terápiában  |h [elektronikus dokumentum] 
260 |c 2016-12-15 
502 |a Disszertacio 
650 4 |a elméleti orvostudományok 
650 4 |a Általános orvostudomány 
700 0 1 |a Molnár Zsolt  |e ths 
700 0 1 |a Kaszaki József  |e ths 
856 4 0 |u https://doktori.bibl.u-szeged.hu/id/eprint/3220/1/Pal%C3%A1gyi_PhDThesis.pdf  |z Dokumentum-elérés  
856 4 0 |u https://doktori.bibl.u-szeged.hu/id/eprint/3220/3/Pal%C3%A1gyi_angol_PhD_Thesisf%C3%BCzet.pdf  |z Dokumentum-elérés  
856 4 0 |u https://doktori.bibl.u-szeged.hu/id/eprint/3220/2/Pal%C3%A1gyi_magyar_PhD_Thesisf%C3%BCzet.pdf  |z Dokumentum-elérés